Poética del interiorismo : (Registro nro. 14656)

Detalles MARC
000 -LEADER
fixed length control field 02977nam a2200301 a 4500
001 - CONTROL NUMBER
control field 000048649
003 - CONTROL NUMBER IDENTIFIER
control field DO-SdBNP
005 - DATE AND TIME OF LATEST TRANSACTION
control field 20240610125956.0
007 - PHYSICAL DESCRIPTION FIXED FIELD--GENERAL INFORMATION
fixed length control field ta
008 - FIXED-LENGTH DATA ELEMENTS--GENERAL INFORMATION
fixed length control field 100317s2015 dr c 000 0 spa d
020 ## - INTERNATIONAL STANDARD BOOK NUMBER
International Standard Book Number 9789945891294
040 ## - CATALOGING SOURCE
Original cataloging agency DO-SdBNP
Language of cataloging spa
Transcribing agency BPMSU
082 #4 - DEWEY DECIMAL CLASSIFICATION NUMBER
Classification number 801.93
Item number R789i 2015
Edition number 22
100 1# - MAIN ENTRY--PERSONAL NAME
Personal name Rosario Candelier, Bruno,
Dates associated with a name 1941-
100 z# - MAIN ENTRY--PERSONAL NAME
Personal name Candelier, Bruno Rosario,
Dates associated with a name 1941
245 10 - TITLE STATEMENT
Title Poética del interiorismo :
Remainder of title teoría de la estética literaria /
Statement of responsibility, etc. Bruno Rosario Candelier.
260 ## - PUBLICATION, DISTRIBUTION, ETC. (IMPRINT)
Place of publication, distribution, etc. Moca, República Dominicana :
Name of publisher, distributor, etc. Judicial ;
-- Ateneo Insular Internacional,
Date of publication, distribution, etc. 2015.
300 ## - PHYSICAL DESCRIPTION
Extent 438 p. :
Other physical details retrs. ;
Dimensions 23 cm.
490 0# - SERIES STATEMENT
Series statement En la interior bodega,
Volume/sequential designation 7
505 0# - FORMATTED CONTENTS NOTE
Formatted contents note Introducción, 1.-- I. Vertiente teórica, 3.-- Poética interior, 5.-- Los ideales de la Poética Interior, 13.-- El Interiorismo en las letras hispanoamericanas, 23.-- Procedimientos de la Poética Interior, 53.-- Principios de la Poética Interior, 63.-- Técnica de la creación interiorista, 73.-- El sentido de la interioridad, 79.-- El camino de lo interior, 83.-- Lo ideal interiorista, 87.-- La imagen interiorista, 91.-- Filosofía del Interiorismo, 99.-- Sustancia y sentido del Interiorismo, 111.-- Breve historia del Ateneo Insular, 117.-- Fundamento estético del Interiorismo, 125.-- Filosofía del Interiorismo, 151.-- La interiorización metafísica, 179.-- Logos, interiorización y creación, 187.-- El proceso de interiorización en la creación literaria, 205.-- Experiencia poética y creación interiorista, 233.-- Orientación estética del Interiorismo, 219.-- La dimensión metafísica y filosófica de la Poética del Interiorismo, 233.-- Interiorismo y mística en las Antillas, 247.-- II. Entrevistas y reportajes, 261.-- Entrevista tele/radial sobre el Interiorismo, 263.-- Bruno Rosario Candelier: de Moca al mundo, 287.-- Aniversario del Ateneo Insular, 293.-- El Segundo Congreso Internacional del Interiorismo en Madrid, España, 303.-- En el XX Aniversario del Ateneo Insular, 317.-- V Congreso Internacional del Movimiento Interiorista en Barcelona, España, 321.-- Coloquio sobre el Interiorismo con escritores del Ateneo Insular, 325.-- Incorporación del grupo ¨Letras Veganas¨ al Interiorismo del Ateneo Insular, 337.-- Encuentro del Movimiento Interiorista en Santo Cerro, Concepción de La Vega Real, 341.-- Sobre la experiencia interiorista, 355.-- Encuentro del Grupo de Estudios Místicos del Movimiento Interiorista, 361.-- Diálogo sobre interioridad y trascendencia con poetas dominicanos en Madrid, 387.-- Entrevista sobre el Interiorismo, 395.-- Bases estatutarias del Ateneo Insular, 401.-- Conclusión, 413.
590 ## - LOCAL NOTE (RLIN)
Local note Inventariado, 2015/ VM
650 #4 - SUBJECT ADDED ENTRY--TOPICAL TERM
Topical term or geographic name as entry element Interiorismo literario (movimiento literario)
650 #4 - SUBJECT ADDED ENTRY--TOPICAL TERM
Topical term or geographic name as entry element Literatura dominicana
General subdivision
650 #4 - SUBJECT ADDED ENTRY--TOPICAL TERM
Topical term or geographic name as entry element Literatura dominicana
General subdivision Historia y crítica
650 #4 - SUBJECT ADDED ENTRY--TOPICAL TERM
Topical term or geographic name as entry element Poética del Interiorismo
910 ## - USER-OPTION DATA (OCLC)
User-option data VMateo V. Control de calidad. BPMSU
942 ## - ADDED ENTRY ELEMENTS (KOHA)
Source of classification or shelving scheme Dewey Decimal Classification
Koha item type Libros
Existencias
Withdrawn status Lost status Source of classification or shelving scheme Damaged status Not for loan Collection code Home library Current library Date acquired Total Checkouts Full call number Barcode Date last seen Price effective from Koha item type
    Dewey Decimal Classification     Colección Dominicana Biblioteca Pública Metropolitana Salomé Ureña Biblioteca Pública Metropolitana Salomé Ureña 06/10/2024   BPMSU CD 801.93 R789i 2015 BPMSU24060002 06/10/2024 06/10/2024 Libros